Missing Word: 'C' Song Endings Quiz Stats

Quiz Updated Apr 16, 2015

Challenge
Share
Tweet
Score 0/20 Timer 04:00
2 Plays Today
Song Missing Word % Correct
She Drives Me _____Crazy
99.1%
Hotel _____California
98%
Dazed And _____Confused
92.5%
Basket _____Case
90.1%
We Are The _____Champions
85%
London _____Calling
79.2%
Karma _____Chameleon
75.1%
No Woman, No _____Cry
75.1%
Smooth _____Criminal
75%
Don't Be _____Cruel
70%
Song Missing Word % Correct
Little Red _____Corvette
69.4%
Paradise _____City
68.6%
The Tears Of A _____Clown
66.8%
Get Off Of My _____Cloud
58.1%
Pink _____Cadillac
57.3%
Down On The _____Corner
46.3%
Love In This _____Club
38.4%
Self _____Control
36.5%
Land Of _____Confusion
36.1%
Sexy _____Chick
23.3%

Today's Daily Dose

You're not logged in!

Compare scores with friends on all Sporcle quizzes.
Join for Free
OR
Log In

You Might Also Like...

Show Comments

Extras

Top Quizzes Today


Score Distribution

Your Account Isn't Verified!

In order to create a playlist on Sporcle, you need to verify the email address you used during registration. Go to your Sporcle Settings to finish the process.

Report this User

Report this user for behavior that violates our Community Guidelines.

Details: